000 00575nam a2200217Ia 4500
008 210210b2016 xxu||||| |||| 00| 0 eng d
020 _a9788184875201
041 _aeng
082 _a519.5 TIWS
100 _aTIWARI (Neeraj) Ed
245 _aStatistical and mathematical sciences and their applications
260 _aNew Delh
_bNarosa Publishing House
_c2016
300 _aviii,223
650 _atheir
650 _aStatistical
650 _asciences
650 _amathematical
650 _aapplications
690 _aMathematical Statistics
906 _a073043
999 _c122821
_d122821